Southville International School and Colleges
Your cart is empty.
  • Cart
  • Lists
    Public lists Eva Luna New books Lux_list list_1
    Your lists Log in to create your own lists
  • Log in to your account
  • Your cookies
  • Search history
Southville International School and Colleges
  • Advanced search
  • Recent comments
  • Most popular
  • Libraries

Log in to your account

Log in with GOOGLE


If you do not have an external account, but do have a local account, you can still log in:

  1. Home
  2. MARC view: Zorba the Hutt's revenge /
Normal view MARC view ISBD view

Zorba the Hutt's revenge / (Record no. 8252)

[ view plain ]
MARC details
000 -LEADER
fixed length control field 00639nam a22002297a 4500
003 - CONTROL NUMBER IDENTIFIER
control field OSt
005 - DATE AND TIME OF LATEST TRANSACTION
control field 20140310182016.0
008 - FIXED-LENGTH DATA ELEMENTS--GENERAL INFORMATION
fixed length control field 121120t xxu||||| |||| 00| 0 eng d
020 ## - INTERNATIONAL STANDARD BOOK NUMBER
International Standard Book Number 0553158899
050 ## - LIBRARY OF CONGRESS CALL NUMBER
Classification number PZ 7
Item number .D251 1992
082 ## - DEWEY DECIMAL CLASSIFICATION NUMBER
Classification number KF
Item number D28sw 1992
100 ## - MAIN ENTRY--PERSONAL NAME
Personal name Davids, Paul
9 (RLIN) 3755
245 ## - TITLE STATEMENT
Title Zorba the Hutt's revenge /
Statement of responsibility, etc Paul Davids.
260 ## - PUBLICATION, DISTRIBUTION, ETC. (IMPRINT)
Place of publication, distribution, etc New York :
Name of publisher, distributor, etc Bantam Skylark Book,
Date of publication, distribution, etc c1992.
300 ## - PHYSICAL DESCRIPTION
Extent 87 p. :
Other physical details ill. ;
Dimensions 19 cm.
541 ## - IMMEDIATE SOURCE OF ACQUISITION NOTE
-- 1
562 ## - COPY AND VERSION IDENTIFICATION NOTE
Number of copies 1
650 ## - SUBJECT ADDED ENTRY--TOPICAL TERM
Topical term or geographic name as entry element Star wars
General subdivision fiction.
9 (RLIN) 6611
650 ## - SUBJECT ADDED ENTRY--TOPICAL TERM
Topical term or geographic name as entry element Star wars
General subdivision Galactic empire
-- fiction.
9 (RLIN) 6612
650 ## - SUBJECT ADDED ENTRY--TOPICAL TERM
Topical term or geographic name as entry element Han solo.
9 (RLIN) 3758
942 ## - ADDED ENTRY ELEMENTS (KOHA)
Source of classification or shelving scheme Library of Congress Classification
Koha item type
Call number prefix
Holdings
Withdrawn status Lost status Source of classification or shelving scheme Damaged status Home library Current library Shelving location Date acquired Total Checkouts Full call number Barcode Date last seen Copy number Price effective from Koha item type
    Library of Congress Classification   Luxembourg Library Luxembourg Library Kids Fiction Section 07/30/2013   PZ 7 .D251 1992 8494 08/13/2013 1 07/30/2013 Books

Zorba the Hutt's revenge /

APA

Davids P., . (1992). Zorba the Hutt's revenge. New York: Bantam Skylark Book.

Chicago

Davids Paul, . 1992. Zorba the Hutt's revenge. New York: Bantam Skylark Book.

Harvard

Davids P., . (1992). Zorba the Hutt's revenge. New York: Bantam Skylark Book.

MLA

Davids Paul, . Zorba the Hutt's revenge. New York: Bantam Skylark Book. 1992.

  • Place hold
  • Print
  • Cite
  • Add to your cart (remove)
  • Save record
    BIBTEX Dublin Core MARCXML MARC (non-Unicode/MARC-8) MARC (Unicode/UTF-8) MARC (Unicode/UTF-8, Standard) MODS (XML) RIS
  • More searches
    Search for this title in:
    Other Libraries (WorldCat) Other Databases (Google Scholar) Online Stores (Bookfinder.com) Open Library (openlibrary.org)

Exporting to Dublin Core...

SOUTHVILLE LIBRARY

Southville International School and Colleges Library

1281 Tropical Ave. Cor. Luxembourg St., BF Homes International, Las Pinas City

Tel. No. 8256374 / 252358 Loc. 117/146

Powered by Koha